Kỹ thuật vẽ loài vật bằng nét bút đơn giản

Sách giúp bạn đọc hiểu một cách khái quát và cụ thể những khái niệm, phương pháp, kỹ xảo vẽ loài vật bằng nét bút đơn giản. Qua đó, độc giả có thể vẽ được những bức tranh với chủ đề theo cách riêng của mình một cách linh hoạt và giàu s...

Ausführliche Beschreibung

Gespeichert in:
Bibliographische Detailangaben
Format: Buch
Sprache:Undetermined
Veröffentlicht: Hà Nội Thanh niên 2018
Schlagworte:
Tags: Tag hinzufügen
Keine Tags, Fügen Sie den ersten Tag hinzu!
Thư viện lưu trữ: Trung tâm Học liệu Trường Đại học Cần Thơ
LEADER 00968nam a2200193Ia 4500
001 CTU_230851
008 210402s9999 xx 000 0 und d
020 |c 90000 
082 |a 743.6 
082 |b K600/T.3 
245 0 |a Kỹ thuật vẽ loài vật bằng nét bút đơn giản 
245 0 |c Hiền Lương (biên soạn) 
260 |a Hà Nội 
260 |b Thanh niên 
260 |c 2018 
520 |a Sách giúp bạn đọc hiểu một cách khái quát và cụ thể những khái niệm, phương pháp, kỹ xảo vẽ loài vật bằng nét bút đơn giản. Qua đó, độc giả có thể vẽ được những bức tranh với chủ đề theo cách riêng của mình một cách linh hoạt và giàu sức biểu cảm. 
650 |a Động vật,Animals,Hội họa,Drawing 
910 |b vtbtruc 
980 |a Trung tâm Học liệu Trường Đại học Cần Thơ